| 000 | 00814nam a2200217 i 4500 | ||
|---|---|---|---|
| 001 | 184653 | ||
| 003 | ES-MaACL | ||
| 005 | 20230906222239.0 | ||
| 008 | 151030s1944 sp |||| | spa d | ||
| 100 | 1 |
_aGarcía de Palacio, Diego. _9158051 |
|
| 245 | 1 | 0 |
_aDiálogos militares / _cpor el doctor Diego García de Palacio. |
| 260 |
_aMadrid : _bCultura Hispánica, _c1944. |
||
| 300 |
_a7 h., 192 p. ; _c28 cm. |
||
| 490 | 1 |
_aColección de incunables americanos. Siglo XVI ; _v7 |
|
| 534 |
_pReprod. de la ed. de: _cEn Mexico : en casa de Pedro Ocharte, 1583. |
||
| 650 | 4 |
_aArte y ciencia militar- _vObras anteriores a 1800. _910332 |
|
| 650 | 4 |
_aIncunables- _zMéxico. _9158047 |
|
| 830 | 1 |
_aColección de incunables americanos. Siglo XVI ; _v7 _9184950 |
|
| 852 |
_aES-MaACL _jB-13820 |
||
| 999 |
_c184653 _d184653 |
||